Quizzes
Events
Quiz Creation
Community
Videos
Private Events
Remove Ads
Sign In
Join for FREE
Feedback
Dark Mode
Quiz Categories
Sports
Geography
Music
Movies
Television
Just For Fun
Miscellaneous
History
Literature
Language
Science
Gaming
Entertainment
Religion
Holiday
For Kids
Quiz Lab
Recent
Popular Today
Quiz Kudos Today
Editor Picks
Curator Picks
Quizzes by...
Day
Popularity
Type
Ratings
Length
Year
Community
Subscriptions
Recent Discussions
Orange Saloon
Badges
Playlists
Quests
Create
Leaderboards
Showdown
Live 5
Trivia Bingo
Activity
Puzzle Library
Sporcle Events
Private Events
Virtual Trivia
Globe League
Become a Host
Pub Owners
SporcleCon
Opinionation
Our Games
Videos
Blog
Mobile Apps
Partnerships
Remove Ads and Go Orange
Feedback
Sports
Athletes
MLB
NBA
NHL
NFL
Soccer
Sports Teams
WWE
NCAA
Football
Premier League
Basketball
Baseball
Hockey
Golf
Tennis
Cricket
Rugby
Auto Racing
Olympics
World Cup
Sports
Athletes
MLB
NBA
NHL
NFL
Soccer
Sports Teams
WWE
NCAA
Football
Premier League
Basketball
Baseball
Hockey
Golf
Tennis
Cricket
Rugby
Auto Racing
Olympics
World Cup
Random Quiz
Search Sporcle
×
Quiz Lab
Quiz Lab
Sports
Constructors Since
Type in answers that appear in a list
Type in answers that appear in a list
Classic
Best Score? Go Orange.
Formula One Teams 2001-2011 Stats
Can you name the Formula One Teams 2001-2011?
By
EphesiansFan
11m
25 Questions
187 Plays
187 Plays
187 Plays
Comments
Comments
Give Quiz Kudos
Give Quiz Kudos
-
- Ratings
hide this ad
Random Order
Randomize order of answers
Randomize order of answers
Replay
Link that replays current quiz
Next Quiz
Link to next quiz in quiz playlist
You Got
0%
They Got
Avg Score
79%
Avg Friend Score
Upgrade to see
Score Distribution
Jump to the score distribution portion of the page
Score
0/25
Timer
11:00
0
Plays Today
% Correct
Ferrari
98.4%
McLaren
97.3%
Red Bull
95.7%
Renault
91.4%
Sauber
90.9%
Williams
90.4%
Lotus
89.3%
Toro Rosso
87.7%
Mercedes
84.5%
Jordan
84.5%
Force India
84%
Honda
84%
Minardi
82.4%
% Correct
Brawn
80.7%
Jaguar
78.1%
HRT
76.5%
Toyota
75.9%
BAR
74.3%
Virgin
73.3%
Arrows
65.8%
Spyker
65.8%
Benetton
63.6%
Prost
63.6%
Midland
59.4%
Super Aguri
55.6%
Quiz Playlist
Details
Report
Send in Message
Add To Playlist
Classic:
Type in answers that appear in a list
Random Order:
Randomize order of answers
Last Updated: Feb 16, 2017
Quiz Scoreboard
CHALLENGE
Sign Up to Join the Scoreboard
Show All
Scores
Hide
Comments
May contain spoilers
Recently Published
Click the 1999 NBA Draft
by nibperrychub
Sports
2m
Alphabetical 'K' Countries by Flag Minefield
by ylime102
Geography
3m
Pick 6: Fruits
by JohnFran
Miscellaneous
15s
More to Explore
Quiz From the Vault
Featured Blog Post
15 Basketball Trivia Facts You Can Be March Mad About
hide this ad
You Might Also Like...
Tags
Constructors Since
Formula One
Motorsport World
Today's Top Quizzes in Sports
Browse Sports
hide this ad
Top Contributed Quizzes in Sports
1
Don't Strike Out: 3000 Strikeouts
2
MLB 2 truths and a lie: Hall of Fame pitchers
3
Pick 6: NFL Teams
4
Criteria MLB: Left Handed Sluggers
5
MLB Players with Two .350 Batting Average Seasons
6
2022 World Cup Stars
7
Les joueurs à 100 buts en Ligue 1 Uber Eats
8
Millionaire: NBA Finals Edition
9
Pick 6: Minor League Baseball
10
Last 10 Members of the 500 HR Club in Order
Explore More
Trending Topics
Anime
Crossword
NBA
Kpop
Harry Potter
Disney
Marvel
Country
NFL
Puzzle
Pokémon
WWE
The Office
Song
Soccer
hide this ad
More By:
EphesiansFan
Quiz
Plays
Rating
Category
Featured
Created
Formula One Teams 2001-2011
187
Sports
Aug 4, 2011
Can you name every Wexford Youths player ever?
22
Sports
Jun 5, 2012
Go to Creator's Profile
Score Distribution
Quiz Creator Spotlight
EphesiansFan
Follow
Send a Message
Quizzes Created
-
Created Quiz Play Count
-
More By This Creator
Popular Quizzes Today
1
Find the US States - No Outlines Minefield
2
Countries of Asia Without Outlines Minefield
3
Pick 6: Fruits
4
The Countries of the World
5
Alphabetical 'K' Countries by Flag Minefield
6
Click the 1999 NBA Draft
7
Find the US States
8
Match the Book to the Film X
More Sports Quizzes
All About... Lionel Messi
Quiz Lab
Trending Quizzes
Pick 6: Harry Potter
Pick 6: Mountains
Pick 6: NFL Teams
Pick 6: Movie Franchises
Pick 6: Golfers
Recently Updated
Women's Final Four Teams by Year
bhenderson79
Presidents Quartet II
eogle
Anything But Clue(do)
eogle
Anything But Oceanian Capitals
eogle
Anything But 7
eogle
Anything But Thing
eogle
Word Ladder: February 29
pecheneg
Song Title Questions
pecheneg
Women's NCAA Tournament #1 Seeds
pecheneg
Celebrity Mug Shots
pecheneg
Trending Topics
Disney
NBA
Harry Potter
Anime
Marvel
Kpop
Crossword
NFL
Soccer
Song
Puzzle
The Office
Pokémon
WWE
Country
Your Account Isn't Verified!
In order to create a playlist on Sporcle, you need to verify the email address you used during registration. Go to your
Sporcle Settings
to finish the process.
Report this User
Report this user for behavior that violates our
Community Guidelines
.
Details:
Send Report
Go to the Sporcle.com Mobile Site →
Comments